00744nam a2200217Ia 4500003000900000008004100009020001800050040001600068080002100084100002300105245009800128250001100226260003200237300001400269650004100283650003000324700002400354942000700378999001500385952012600400IN-BaIIA211028s9999 xx 000 0 eng d a0-07-007071-7 cIIA Library a(035)621.86bBRA aBrady, G. S916632 0aMaterials handbookcG S Brady and H R Clauser  a12thed aNew YorkbMcGraw-Hillc1989 aix,1038p. aAstronomy and Astrophysics Thesaurus aHandbooks-Materials95082 aClauser, H R916633 cBK c9821d9821 00104070aBANbBANcGENd0000-00-00g639.90l0o(035)621.86/ BRAp10731r2021-11-05v639.90w0000-00-00yBKGRs. 639.90